Guide to black history (Record no. 89740)

MARC details
000 -LEADER
fixed length control field 00955nji a22002177a 4500
005 - DATE AND TIME OF LATEST TRANSACTION
control field 20141030130128.0
007 - PHYSICAL DESCRIPTION FIXED FIELD--GENERAL INFORMATION
fixed length control field cd
008 - FIXED-LENGTH DATA ELEMENTS--GENERAL INFORMATION
fixed length control field 141030b xxu||||| |||| 00| 0 eng d
010 ## - LIBRARY OF CONGRESS CONTROL NUMBER
LC control number dvd-008319
024 ## - OTHER STANDARD IDENTIFIER
Standard number or code 9781593392949
Terms of availability 499.00
040 ## - CATALOGING SOURCE
Original cataloging agency dpl
245 ## - TITLE STATEMENT
Title Guide to black history
Statement of responsibility, etc Encyclopedia Britannica
260 ## - PUBLICATION, DISTRIBUTION, ETC. (IMPRINT)
Place of publication, distribution, etc N.Delhi
Date of publication, distribution, etc 2007
270 ## - ADDRESS
Address A-41,Ground floor(L-2_ Mohan cooperative Ind.Estate,Main Mathura
City N.Delhi
Country India
300 ## - PHYSICAL DESCRIPTION
Extent disc(cd)
500 ## - GENERAL NOTE
General note Form a better understanding of black history with unique learning activities covering topics from slavery to sports.
521 ## - TARGET AUDIENCE NOTE
Target audience note Microsoft* Windows*2000,xp,or Vista,128 MB RAM,325 MB free hard-drive space,CD-ROM drive.
650 ## - SUBJECT ADDED ENTRY--TOPICAL TERM
Source of heading or term A Tribute to the Lives and Events That Shaped History
942 ## - ADDED ENTRY ELEMENTS (KOHA)
Source of classification or shelving scheme Dewey Decimal Classification
Item type CD-ROMs, DVDs, VHS
Holdings
Withdrawn status Lost status Source of classification or shelving scheme Damaged status Not for loan Home library Current library Date acquired Source of acquisition Cost, normal purchase price Total Checkouts Barcode Date last seen Copy number Cost, replacement price Price effective from Koha item type
    Dewey Decimal Classification     Central Library Central Library 28/01/2015 33714/22.11.2013 499.00   DVD-008319 28/01/2015 1 499.00 28/01/2015 CD-ROMs, DVDs, VHS

© Delhi Public Library
Hit Counter
free hit counter